000 00832nam a2200193Ia 4500
003 LDD
008 190117s9999 xx 000 0 und d
020 _a9789352210268
_c₹700
040 _cLDD
041 _ahi
082 _a8H0.109 भा6442सि
100 _aभारती, धर्मवीर
245 0 _aसिद्ध साहित्य
_b वज्रयानी सिध्द-साहित्य का विस्तृत अध्ययन तथा नाथ और सन्त-परम्परा
_cधर्मवीर भारती
260 _aइलाहबाद
_bलोकभारती प्रकाशन
_c2015
300 _a415p.
901 _aKGP
904 _aReqst by : jitendra kumar srivasta
942 _2ddc
_cH
999 _c165441
_d165441